000 00285nam a2200097Ia 4500
001 647112
005 20250826153656.0
008 250824s9999 xx 000 0 und d
245 0 _aŞİRİN KENDİMİ DURDURAMIYORUM 4 HAYVANLARI KURTAR OPE
_cBİRSEN EKİM ÖZEN
260 _bTİMAŞ ÇOCUK
999 _c647112
_d647112